000 01127nam a2200313 a 4500
001 000047883
003 DO-SdBNP
005 20260302080342.0
007 ta
008 090928s2018 dr 000 0 spa d
020 _a9789945503319
040 _aDO-SdBNP
_bspa
_cBNPHU
082 4 _aRD861.3
_bA414d
_222
100 1 _aAlix, Juan Antonio,
_d1833-1918
_911349
245 1 0 _aDécimas de siempre /
_cJuan Antonio Alix ; prólogo Fernando Cabrera.
260 _aSanto Domingo :
_bMinisterio de Cultura,
_c2018.
300 _a265 p. ;
_c20 cm.
490 1 _aBiblioteca dominicana básica;
_v10
_aPoesía
500 _aIncluye referencias bibliográficas y notas al pie de las páginas.
500 _aIncluye datos biográficos del autor en las solapas
590 _aInventariado, 2018/VM
650 4 _aPoesía dominicana
_966
650 0 _aLiteratura dominicana.
_967
700 1 _aCabrera, Fernando,
_dpról.
_975448
710 1 _aRepública Dominicana.
_bMinisterio de Cultura
_971794
830 0 _aBiblioteca dominicana básica ;
_ppoesía
_975449
_n10
910 _aValidado. Control de calidad MAA
942 _2ddc
_cLBS1
999 _c47371
_d47371